Survivor players, most days played - Statistics

General Stats
  • This quiz has been taken 255 times
  • The average score is 62 of 104
Answer Stats
Season Name Number of days Number of seasons (seasons) Answer % Correct
1 - Borneo 152 5 (S4, S8, S20, S22, S40) Rob Mariano
95%
7 - Pearl Island 110 4 (S7, S20, S34, S40) Sandra Diaz-Twine
93%
2 - Australian Outback 149 4 (S13, S16, S20, S40) Parvati Shallow
92%
3 - Africa 128 4 (S13, S16, S23, S34) Oscar "Ozzy" Lusth
90%
9 - Vanuatu 107 3 (S2, S8, S40) Amber (Brkich) Mariano
89%
4 - Marquesas 121 4 (S12, S16, S20, S34) Cirie Fields
89%
21 - Nicaragua 84 3 (S28, S34, S40) Tony Vlachoes
89%
5 - Thailand 116.5 4 (S18, S20, S27, S40) Tyson Apostol
88%
14 - Fiji 96 3 (S18, S20, S23) Ben "Coach" Wade
87%
8 - All Stars 108 3 (S15, S16, S20) Amanda Kimmel
86%
15 - China 96 3 (S28, S34, S40) Sarah Lacina
85%
13 - Cook Islands 98 3 (S2, S8, S20) Colby Donaldson
82%
10 - Palau 104.5 4 (S7, S8, S20, S27) Rupert Boneham
82%
16 - Micronesia 95 3 (S3, S8, S40) Ethan Zohn
78%
12 - Panama 98.5 3 (S29, S31, S40) Jeremy Collins
77%
24 - One World 79 3 (S18, S20, S34) JT Thomas
77%
25 - Philippines 78.5 2 (S29, S40) Natalie Anderson
77%
36 - Ghost Island 74 2 (S24, S40) Kim Spradlin
76%
54 2 (S1, S8) Richard Hatch
75%
29 - San Juan del Sur 76 2 (S28, S31) Spencer Bledsoe
75%
22 - Redemption Island 83.5 3 (S2, S8, S27) Tina Wesson
75%
40 - Winners at War 74 2 (S13, S40) Yul Kwon
74%
34 - Game Changers 75 2 (S25, S40) Denise Stapley
73%
18 - Tocancins 89 3 (S2, S8, S20) Jerri Manthey
72%
17 - Gabon 91 3 (S30, S31, S38) Joe Anglim
72%
35 - Heroes vs Healers vs Hustlers 74 2 (S37, S40) Nick Wilson
72%
6 - Amazon 111 3 (S32, S34, S38) Aubry Bracco
71%
20 - Heroes vs Villains 86.5 3 (S29, S31, S38) Kelley Wentworth
71%
23 - South Pacific 79 3 (S25, S26, S34) Malcolm Freberg
71%
70 2 (S23, S26) John Cochran
70%
27 - Blood vs Water 78 3 (S13, S16, S25) Jonathan Penner
70%
26 - Caramoan 78 2 (S32, S40) Michele Fitzgerald
70%
37 - David vs Goliath 74 2 (S23, S40) Sophie Clarke
69%
38 - Edge of Extinction 74 2 (S33, S40) Adam Klein
68%
30 - Worlds Apart 76 2 (S35, S40) Ben Driebergen
68%
31 - Cambodia 76 3 (S15, S16, S20) James Clement
68%
63 2 (S1, S31) Kelly Wiglesworth
68%
19 - Samoa 88 3 (S19, S20, S22) Russell Hantz
68%
39 - Island of the Idols 74 2 (S36, S40) Wendell Holland
66%
41 74 2 (S11, S40) Danni Boatwright
65%
68 2 (S18, S31) Stephen Fishbach
65%
11- Guatemala 103 3 (S22, S26, S34) Andrea Boehlke
63%
33 - Millennials vs Gen X 75 3 (S10, S11, S20) Stephenie LaGrossa
62%
28 - Cagayan 77 2 (S32, S34) Tai Trang
62%
42 2 (S17, S20) Jessica "Sugar" Kiper
61%
57 2 (S28, S31) Kass McQuillen
61%
41 2 (S7, S16) Jon "Fairplay" Dalton
59%
50.5 2 (S24, 31) Kat Edorsson
59%
54 2 (S1, S8) Susan Hawk
59%
47 72 2 (S28, S31) Tasha Fox
59%
64.5 2 (S12, S27) Aras Baskauskas
58%
45 72 2 (S16, S26) Erik Reichenbach
57%
63 2 (S15, S20) Courtney Yates
56%
65 2 (S3, S8) Lex van den Berghe
56%
56 2 (S2, S25) Michael Skupin
55%
44 72.5 3 (S13, S20, S27) Candice (Woodcock) Cody
54%
43 73 2 (S33, S38) David Wright
54%
50 2 (S6, S8) Rob Cesternino
54%
62 2 (S33, S34) Zeke Smith
54%
9 2 (S22, S26) Francesca Hogi
53%
44 2 (S1, S8) Rudy Boesch
53%
53.5 2 (S27, S34) Brad Culpepper
52%
46 72 2 (S12, S20) Danielle DiLorenzo
52%
32 - Kaoh Rong 75.5 2 (S29, S31) Keith Nale
52%
67 2 (S22, S26) Phillip Sheppard
51%
38 2 (S17, S20) Randy Bailey
51%
53 2 (S10, S20) Tom Westman
51%
71 2 (S25, S31) Abi-Maria Gomes
50%
50 3 (S2, S31, S34) Jeff Varner
50%
65 2 (S1, S8) Jenna Lewis
49%
66.5 3 (S27, S31, S34) Ciera Eastin
48%
67 2 (S23, S26) Dawn Meehan
48%
69 2 (S30, S34) Sierra Dawn Thomas
48%
69.5 2 (S1, S27) Gervase Peterson
47%
69 2 (S24, S34) Troyzan Robertson
47%
66 2 (S4, S8) Kathy Vavrick-O'Brien
46%
25 2 (S19, S25) Russell Swan
46%
55 2 (S28, S31) Woo Hwang
46%
63 2 (S21, S26) Brenda Lowe
45%
30.5 2 (S27, S31) Vytas Baskauskas
45%
46 2 (S14, S16) Yau-Man Chan
45%
42 2 (S7, S31) Andrew Savage
44%
49 2 (S23, S26) Brandon Hantz
44%
61 2 (S9, S16) Eliza Orlins
44%
48 2 (S6, S8) Jenna Morasca
44%
51 2 (S12, S31) Terry Deitz
44%
42 73 2 (S3, S8) Tom Buchanan
44%
20 2 (S44, S45) Bruce Perreault
43%
23.5 2 (S24, S27) Colton Cumbie
43%
51 2 (S2, S31) Kimmi Kappenberg
43%
63.5 2 (S19, S27) Laura Morett
43%
45 2 (S10, S11) Bobby Jon Drinkard
41%
50 2 (S32, 34) Debbie Wanner
41%
54 2 (S2, S8) Alicia Calaway
40%
18 2 (S32, S34) Caleb Reynolds
40%
43 2 (S30, S34) Hali Ford
40%
54 2 (S9, S16) Ami Cusack
39%
53.5 2 (S24, 27) Monica Culpepper
39%
54 2 (S5, S8) Shii Ann Huang
39%
55 2 (S33, S34) Michaela Bradshaw
38%
55 2 (S17, S26) Corinne Kaplan
34%
35 2 (S30, S31) Shirin Oskooi
33%
46 2 (S19, S31) Monica Padilla
32%
45 2 (S15, S31) Peih-Gee Law
32%
No matching quizzes found
Score Distribution
Percent of People with Each Score
Percentile by Number Answered
Your Score History
You have not taken this quiz